MARC details
| 000 -LEADER |
| campo de control de longitud fija |
01797cam a2200361 a 4500 |
| 001 - NÚMERO DE CONTROL |
| campo de control |
7191710 |
| 005 - FECHA Y HORA DE LA ÚLTIMA TRANSACCIÓN |
| campo de control |
20220326193305.0 |
| 008 - DATOS DE LONGITUD FIJA--INFORMACIÓN GENERAL |
| campo de control de longitud fija |
090512s2008 sp a 000 0 spa d |
| 020 ## - NÚMERO INTERNACIONAL ESTÁNDAR DEL LIBRO |
| Número Internacional Estándar del Libro |
9788489771512 |
| 020 ## - NÚMERO INTERNACIONAL ESTÁNDAR DEL LIBRO |
| Número Internacional Estándar del Libro |
8489771510 |
| 035 ## - NÚMERO DE CONTROL DEL SISTEMA |
| Número de control de sistema |
(OCoLC)ocn224391655 |
| 035 ## - NÚMERO DE CONTROL DEL SISTEMA |
| Número de control de sistema |
(OCoLC)0224391655 |
| 035 ## - NÚMERO DE CONTROL DEL SISTEMA |
| Número de control de sistema |
(NNC)7191710 |
| 035 ## - NÚMERO DE CONTROL DEL SISTEMA |
| Número de control de sistema |
(OCoLC)224391655 |
| 040 ## - FUENTE DE CATALOGACIÓN |
| Centro catalogador/agencia de origen |
C3L |
| Centro/agencia transcriptor |
C3L |
| Centro/agencia modificador |
BTCTA |
| -- |
BAKER |
| -- |
YDXCP |
| -- |
CGU |
| -- |
BWX |
| -- |
CDX |
| -- |
NLF |
| -- |
PMC |
| 041 0# - CÓDIGO DE IDIOMA |
| Código de lengua del texto/banda sonora o título independiente |
spa |
| -- |
eng |
| 043 ## - CÓDIGO DE ÁREA GEOGRÁFICA |
| Código de área geográfica |
e-po--- |
| -- |
e-sp--- |
| 045 ## - PERIODO DE TIEMPO DEL CONTENIDO |
| Código de periodo de tiempo |
x4x- |
| 082 14 - NÚMERO DE LA CLASIFICACIÓN DECIMAL DEWEY |
| Número de clasificación |
707 |
| Número de ítem |
M538d |
| 100 1# - ENTRADA PRINCIPAL--NOMBRE DE PERSONA |
| Nombre de persona |
Mendizabal, Asier, |
| Fechas asociadas al nombre |
1973- |
| 9 (RLIN) |
1670 |
| 245 10 - MENCIÓN DEL TÍTULO |
| Título |
Asier Mendizabal : |
| Resto del título |
disjecta membra / |
| Mención de responsabilidad, etc. |
[comisario, Peio Aguirre]. |
| 246 30 - FORMA VARIANTE DEL TITULO |
| Título propio/Titulo breve |
Disjecta membra |
| 260 ## - PUBLICACIÓN, DISTRIBUCIÓN, ETC. |
| Lugar de publicación, distribución, etc. |
Barcelona : |
| Nombre del editor, distribuidor, etc. |
Museu d'Art Contemporani de Barcelona, |
| Fecha de publicación, distribución, etc. |
2008. |
| 300 ## - DESCRIPCIÓN FÍSICA |
| Extensión |
179 p. : |
| Otras características físicas |
ill. (some col.) ; |
| Dimensiones |
22 cm. |
| 500 ## - NOTA GENERAL |
| Nota general |
Exhibition catalogue, Barcelona, Macba, Jan. 25-May 18, 2008. |
| 505 0# - NOTA DE CONTENIDO CON FORMATO |
| Nota de contenido con formato |
¿Qué hace la gente? = What do people do? / Bartomeu Marí -- Masa e ideología de la forma en la práctica de Asier Mendizabal = Mass and the ideology of form in Asier Mendizabal's practice / Peio Aguirre -- Dialéctica subescultural = Subsculptural dialectics / Diedrich Diederichsen -- Exposición = Exhibition -- Mayor que una secta, menor que una masa = Bigger than a cult, smaller than a mass / Asier Mendizabal -- Signals, calls and marches : (... lo que la música militar a la música) = (...what military music is to music) / Asier Mendizabal -- Eat the rocument / Ian Svenonius. |
| 600 10 - PUNTO DE ACCESO ADICIONAL DE MATERIA--NOMBRE DE PERSONA |
| Nombre de persona |
Mendizabal, Asier, |
| Fechas asociadas al nombre |
1973- |
| Subdivisión de forma |
Exhibitions. |
| 9 (RLIN) |
1671 |
| 700 1# - ENTRADA AGREGADA--NOMBRE PERSONAL |
| Nombre de persona |
Aguirre, Peio. |
| 9 (RLIN) |
1672 |
| 710 2# - ENTRADA AGREGADA--NOMBRE DE ENTIDAD CORPORATIVA |
| Nombre de entidad corporativa o nombre de jurisdicción como elemento de entrada |
Museu d'Art Contemporani (Barcelona, Spain) |
| 9 (RLIN) |
1673 |
| 856 42 - LOCALIZACIÓN Y ACCESO ELECTRÓNICOS |
| Identificador Uniforme de Recursos |
<a href="http://www.columbia.edu/cgi-bin/cul/resolve?clio7191710">http://www.columbia.edu/cgi-bin/cul/resolve?clio7191710</a> |
| Materiales especificados |
TOC |
| 948 1# - PROCESAMIENTO DE INFORMACIÓN LOCAL (OCLC); DESIGNADOR DE PARTE DE LA SERIE (RLIN) |
| Designador de la parte de la serie, SPT (RLIN) |
20090727 |
| b (OCLC) |
c |
| c (OCLC) |
fra1 |
| d (OCLC) |
SCMC |